MARC

LEADER 00000nam0a2200000 4500
001 271206
005 20231101234420.0
035 |a (RuTPU)RU\TPU\book\294387 
090 |a 271206 
100 |a 20141006d1986 k y0rusy50 ca 
101 0 |a rus 
102 |a RU 
105 |a y z 001zy 
200 1 |a Автоматизация информационных процессов обработки научной и технической информации в нефтяной промышленности  |e сборник трудов  |f Всероссийский научно-исследовательский институт организации, управления и экономики нефтегазовой промышленности (ОАО ВНИИОЭНГ) ; под ред. А. В. Валиханова 
210 |a Москва  |c Изд-во ВНИИОЭНГ  |d 1986 
215 |a 82 с. 
225 1 |a Труды Всесоюзного научно-исследовательского института организации, управления и экономики нефтегазовой промышленности (ВНИИОЭНГ) 
320 |a Библиогр. в конце ст. 
606 1 |a Нефтегазовый комплекс  |2 stltpush  |3 (RuTPU)RU\TPU\subj\45571  |9 64765 
610 1 |a нефтяные предприятия 
610 1 |a информационные процессы 
610 1 |a автоматизация 
610 1 |a техническая информация 
610 1 |a базы данных 
610 1 |a данные 
610 1 |a программное обеспечение 
610 1 |a индексирование 
610 1 |a пакеты прикладных программ 
610 1 |a научно-техническая информация 
610 1 |a научные статьи 
675 |a 622.323  |v 4 
702 1 |a Валиханов  |b А. В.  |4 340 
712 0 2 |a Всероссийский научно-исследовательский институт организации, управления и экономики нефтегазовой промышленности (ОАО ВНИИОЭНГ)  |2 stltpush  |3 (RuTPU)RU\TPU\col\5641 
801 1 |a RU  |b 63413507  |c 20141006 
801 2 |a RU  |b 63413507  |c 20170309  |g RCR 
942 |c BK